Urban design and planning

Saved in:
Bibliographic Details
Main Author: KUMAR, Sanjay
Format: Book
Language:English
Published: Ane Books 2019
Tags: Add Tag
No Tags, Be the first to tag this record!

MARC

LEADER 00000nam a22000007a 4500
008 240221b |||||||| |||| 00| 0 eng d
020 |a 9789386761385 
100 |a KUMAR, Sanjay 
245 |a Urban design and planning  |c Sanjay Kumar  |g v,328p;ill 
260 |b Ane Books  |c 2019  |h New Delhi  |i 700029  |i 700030  |i 700283  |i 700284  |l HT166.K96  |m City planning 
500 |a it includes references and index 
942 |a lcc  |c BK  |e Johnson  |f 21/2/24it 
952 |0 0  |1 0  |2 lcc  |4 0  |6 HT0166 K96  |7 0  |9 4858  |a SSL  |b HOL  |c GJ  |d 2024-02-21  |l 0  |o HT166.K96  |p 2024-0111  |r 2024-02-21 00:00:00  |t 700029  |w 2024-02-21  |y BK 
952 |0 0  |1 0  |2 lcc  |4 0  |6 HT0166 K96  |7 0  |9 4859  |a SSL  |b HOL  |c GJ  |d 2024-02-21  |l 0  |o HT166.K96  |p 2024-0112  |r 2024-02-21 00:00:00  |t 700030  |w 2024-02-21  |y BK 
952 |0 0  |1 0  |2 lcc  |4 0  |6 HT0166 K96  |7 0  |9 4860  |a HOL  |b HOL  |c GJ  |d 2024-02-21  |l 0  |o HT166.K96  |p 2024-0113  |r 2024-02-21 00:00:00  |t 700283  |w 2024-02-21  |y BK 
952 |0 0  |1 0  |2 lcc  |4 0  |6 HT0166 K96  |7 0  |9 4861  |a HOL  |b HOL  |c GJ  |d 2024-02-21  |l 0  |o HT166.K96  |p 2024-0114  |r 2024-02-21 00:00:00  |t 700284  |w 2024-02-21  |y BK 
999 |c 2423  |d 2423